Lễ hội vùng đất Tổ

Tiếp cận nghiên cứu và tìm hiểu khoảng hơn 70 lễ hội tiêu biểu trên vùng Đất Tổ - Phú Thọ như: Lễ hội vật trâu giằng búa, múa tiên trong lễ hội đền Du Yến, lò vật làng Lạnh, tục cầu bánh giầy trứng làng Yên Trạch, lễ hội đình Hoà...

ver descrição completa

Na minha lista:
Detalhes bibliográficos
Autor principal: Phạm, Bá Khiêm
Formato: Livro
Idioma:Undetermined
Publicado em: Hà Nội Hội nhà văn 2018
Assuntos:
Tags: Adicionar Tag
Sem tags, seja o primeiro a adicionar uma tag!
Thư viện lưu trữ: Trung tâm Học liệu Trường Đại học Cần Thơ
LEADER 00988nam a2200205Ia 4500
001 CTU_236027
008 210402s9999 xx 000 0 und d
082 |a 394.269597 
082 |b Kh304/Q.2 
100 |a Phạm, Bá Khiêm 
245 0 |a Lễ hội vùng đất Tổ 
245 0 |c Phạm Bá Khiêm (Chủ biên) 
260 |a Hà Nội 
260 |b Hội nhà văn 
260 |c 2018 
520 |a Tiếp cận nghiên cứu và tìm hiểu khoảng hơn 70 lễ hội tiêu biểu trên vùng Đất Tổ - Phú Thọ như: Lễ hội vật trâu giằng búa, múa tiên trong lễ hội đền Du Yến, lò vật làng Lạnh, tục cầu bánh giầy trứng làng Yên Trạch, lễ hội đình Hoàng Cương... 
650 |a Lễ hội dân gian,Folk festivals 
650 |z Việt Nam,Vietnam 
910 |b nthai 
980 |a Trung tâm Học liệu Trường Đại học Cần Thơ